[Event "St.Petersburg Rapid 2014"]
[Site "St Petersburg RUS"]
[Date "2014.08.31"]
[Round "10.5"]
[White "Rodshtein, Maxim"]
[Black "Zvjaginsev, Vadim"]
[Result "1/2-1/2"]
[WhiteTitle "GM"]
[BlackTitle "GM"]
[WhiteElo "2671"]
[BlackElo "2659"]
[WhiteFideId "2806851"]
[BlackFideId "4113403"]
[EventDate "2014.08.30"]

1. e4 e6 2. d4 d5 3. Nd2 c5 4. Ngf3 Nc6 5. exd5 exd5 6. Bb5 Qe7+ 7. Be2 Nf6 8.
dxc5 Qxc5 9. O-O Be7 10. Nb3 Qd6 11. Bg5 O-O 12. Re1 h6 13. Bh4 Re8 14. Nfd4 Ne4
15. Bxe7 Rxe7 16. Bd3 Nxd4 17. Nxd4 Qf6 18. Bxe4 dxe4 1/2-1/2

[Event "St.Petersburg Rapid 2014"]
[Site "St Petersburg RUS"]
[Date "2014.08.31"]
[Round "10.6"]
[White "Yemelin, Vasily"]
[Black "Vitiugov, Nikita"]
[Result "0-1"]
[WhiteTitle "GM"]
[BlackTitle "GM"]
[WhiteElo "2573"]
[BlackElo "2742"]
[WhiteFideId "4113217"]
[BlackFideId "4152956"]
[EventDate "2014.08.30"]

1. e4 c5 2. Nf3 e6 3. g3 Nc6 4. Bg2 Nf6 5. d3 d5 6. Qe2 Be7 7. O-O b5 8. exd5
exd5 9. d4 c4 10. c3 Be6 11. Ne5 Rc8 12. Bg5 O-O 13. Nd2 h6 14. Bxf6 Bxf6 15. f4
Bxe5 16. fxe5 b4 17. Rfc1 a5 18. Nf1 a4 19. a3 bxc3 20. bxc3 Rb8 21. Ne3 Rb3 22.
Qd2 Na7 23. Bf3 Nb5 24. Bd1 Rxa3 25. Rxa3 Nxa3 26. Ra1 Nb5 27. Rxa4 Qg5 28. Ra5
Nc7 29. Ra7 Qd8 30. Bf3 Qb8 31. Ra1 Qb6 32. Kg2 Rb8 33. Ra2 Qb1 34. Qc2 Qxc2+
35. Rxc2 Rb3 36. Kf2 Kf8 37. Ke1 Ke7 38. Kd2 Ra3 39. Rb2 Ra1 40. Bd1 Kd7 41. Rb6
Ra2+ 42. Bc2 Kc8 43. Kc1 Ra1+ 44. Bb1 Na8 45. Rb5 Nc7 46. Rb6 Na8 47. Rb4 Kc7
48. Kb2 Ra5 49. h4 Nb6 50. Bc2 Kc6 51. h5 Ra8 52. g4 f6 53. Bf5 Bf7 54. e6 Be8
55. Ng2 Nc8 56. Nf4 Nd6 57. Bc2 Ra5 58. Ba4+ Kc7 59. Bc2 Bc6 60. Bg6 Ra8 61. Bc2
Ra5 62. Bd1 Ne4 63. Bf3 Ng5 64. Bg2 Kd6 65. Rb6 Kc7 66. Rb4 Kd6 67. Rb6 Kc7 68.
Rxc6+ Kxc6 69. Bxd5+ Kd6 70. Bxc4 f5 71. gxf5 Rxf5 72. Ne2 Nxe6 73. Ng3 Rf2+ 74.
Kb3 Nxd4+ 75. Ka4 Rf3 76. Ne4+ Ke5 0-1

[Event "St.Petersburg Rapid 2014"]
[Site "St Petersburg RUS"]
[Date "2014.08.31"]
[Round "10.7"]
[White "Panarin, Mikhail"]
[Black "Shirov, Alexei"]
[Result "0-1"]
[WhiteTitle "GM"]
[BlackTitle "GM"]
[WhiteElo "2555"]
[BlackElo "2709"]
[WhiteFideId "4153251"]
[BlackFideId "2209390"]
[EventDate "2014.08.30"]

1. e4 c5 2. Nf3 Nc6 3. d4 cxd4 4. Nxd4 e5 5. Nb5 d6 6. a4 Be7 7. N1c3 a6 8. Na3
Nf6 9. Bg5 O-O 10. Bxf6 Bxf6 11. Bc4 Be6 12. O-O Bg5 13. Nd5 Kh8 14. c3 f5 15.
Nb6 Qxb6 16. Bxe6 Qxb2 17. Nc4 Qxc3 18. Qh5 Nd4 19. Bd5 Be7 20. Ra3 Qb4 21. Rh3
h6 22. Ne3 Qxa4 23. exf5 Qe8 24. Qg4 a5 25. Bxb7 Ra7 26. Bd5 a4 27. Rh5 Bf6 28.
g3 a3 29. Qh3 a2 30. Ng4 a1=Q 31. Nxh6 Qxf1+ 32. Kxf1 Qb5+ 0-1

[Event "St.Petersburg Rapid 2014"]
[Site "St Petersburg RUS"]
[Date "2014.08.31"]
[Round "10.8"]
[White "Matinian, Nikita"]
[Black "Timofeev, Artyom"]
[Result "1/2-1/2"]
[WhiteTitle "IM"]
[BlackTitle "GM"]
[WhiteElo "2469"]
[BlackElo "2601"]
[WhiteFideId "24129100"]
[BlackFideId "4140419"]
[EventDate "2014.08.30"]

1. e4 e6 2. d4 d5 3. Nc3 Nc6 4. Nf3 Nf6 5. e5 Ne4 6. Bd3 Bb4 7. Bd2 Nxd2 8. Qxd2
f6 9. exf6 Qxf6 10. O-O-O Bd7 11. Kb1 O-O-O 12. Bb5 Nb8 13. Bxd7+ Rxd7 14. Nxd5
Rxd5 15. Qxb4 Nc6 16. Qc4 Rhd8 17. Rhe1 e5 18. c3 exd4 19. cxd4 Nxd4 20. Nxd4
Rxd4 21. Rxd4 Qxd4 22. Qxd4 Rxd4 23. Re7 Rd7 24. Re8+ Rd8 25. Re7 Rd7 26. Re8+
Rd8 1/2-1/2

[Event "St.Petersburg Rapid 2014"]
[Site "St Petersburg RUS"]
[Date "2014.08.31"]
[Round "10.9"]
[White "Khismatullin, Denis"]
[Black "Karasev, Vladimir I"]
[Result "1/2-1/2"]
[WhiteTitle "GM"]
[BlackTitle "IM"]
[WhiteElo "2681"]
[BlackElo "2377"]
[WhiteFideId "4142578"]
[BlackFideId "4103971"]
[EventDate "2014.08.30"]

1. d4 d5 2. c4 dxc4 3. e4 Nc6 4. Nf3 Bg4 5. d5 Ne5 6. Nc3 Nf6 7. Bf4 Nfd7 8. Qd4
Nxf3+ 9. gxf3 e5 10. dxe6 Bxe6 11. O-O-O c6 12. Bxc4 Bxc4 13. Qxc4 Qf6 14. Bg3
Nb6 15. Qd3 Bb4 16. Ne2 O-O 17. f4 Rad8 18. Qb3 Bc5 19. f5 Rfe8 20. Qc2 Bd6 21.
f4 Qh6 22. Kb1 Bf8 23. Nd4 c5 24. Nf3 Rxd1+ 25. Rxd1 Qh5 26. Ne5 c4 27. Re1 Rd8
28. Qe2 Qxe2 29. Rxe2 f6 30. Nf3 Rd3 31. Ne1 Rd7 32. Kc2 Bb4 33. a3 Bc5 34. Nf3
Rd3 35. Nd2 Re3 36. Rxe3 Bxe3 37. Nf3 Kf7 38. Kc3 Na4+ 39. Kc2 b5 40. Ne1 a5 41.
Nf3 b4 42. axb4 axb4 43. b3 cxb3+ 44. Kxb3 Nc5+ 45. Kxb4 Nxe4 46. Kb3 Bf2 47.
Bxf2 Nxf2 48. Nd4 Ng4 49. h4 Ne3 50. h5 Ng2 51. Ne2 Ne3 52. Ng3 Ke7 53. Kb2 Kd6
54. Ne4+ Ke7 55. Ng3 h6 56. Kc1 Kd6 57. Kd2 Nd5 58. Ne2 Ne7 59. Nd4 Kd5 60. Kd3
Kd6 61. Ke4 Nd5 62. Ne6 Nc3+ 63. Kf3 Kd5 64. Nxg7 Ne4 65. Ke3 Nd6 66. Kd3 Kc5
67. Ke3 Kc4 68. Kf3 Kd3 69. Kg4 Ne4 70. Ne6 Ke3 71. Nc7 Nf2+ 72. Kg3 Ne4+ 73.
Kg4 1/2-1/2

[Event "St.Petersburg Rapid 2014"]
[Site "St Petersburg RUS"]
[Date "2014.08.31"]
[Round "10.10"]
[White "Usmanov, Vasily"]
[Black "Khalifman, Alexander"]
[Result "1/2-1/2"]
[BlackTitle "GM"]
[WhiteElo "2431"]
[BlackElo "2621"]
[WhiteFideId "4135741"]
[BlackFideId "4100115"]
[EventDate "2014.08.30"]

1. Nf3 g6 2. c4 Bg7 3. g3 c5 4. Bg2 Nc6 5. O-O Nf6 6. d4 cxd4 7. Nxd4 O-O 8. Nc3
Nxd4 9. Qxd4 d6 10. Qh4 Be6 11. Bg5 Qa5 12. Rac1 Rab8 13. b3 Rfc8 14. Rfd1 a6
15. Bd2 Qa3 16. Be3 Qb4 17. Ba7 Ra8 18. Bd4 Rc7 19. Na4 Ng4 20. Bh3 h5 21. Bxg4
hxg4 22. Nb6 Re8 23. Bxg7 Kxg7 24. Nd5 Bxd5 25. Rxd5 Rc5 26. Rxc5 dxc5 27. Rd1
Qa3 28. Qxg4 Qxa2 29. Rd3 b5 30. Kg2 Qb2 31. h4 bxc4 32. bxc4 Qe5 33. Rd5 Qf6
34. h5 e5 35. hxg6 Qxg6 36. Qxg6+ Kxg6 37. Rxc5 f6 38. Kf3 Ra8 39. Ra5 Kf5 40.
g4+ Ke6 41. Ke4 Kd6 42. Kf5 Kc6 43. c5 Kb7 44. f3 Rf8 45. Ke6 e4 46. fxe4 Re8+
47. Kd7 Rxe4 48. c6+ Kb6 49. Rd5 Rc4 50. Rd6 a5 51. Rxf6 a4 52. Rd6 a3 53. c7+
Kb7 54. Kd8 Rxc7 55. Rd3 Rc8+ 56. Kd7 Rc7+ 57. Kd8 Rc8+ 58. Kd7 Rc7+ 59. Kd6
Rc6+ 60. Kd5 a2 61. Rd1 Rc2 62. Ra1 Rxe2 63. g5 Rg2 64. g6 Rxg6 1/2-1/2

[Event "St.Petersburg Rapid 2014"]
[Site "St Petersburg RUS"]
[Date "2014.08.31"]
[Round "10.11"]
[White "Dreev, Aleksey"]
[Black "Smirnov, Artem"]
[Result "1-0"]
[WhiteTitle "GM"]
[BlackTitle "IM"]
[WhiteElo "2662"]
[BlackElo "2462"]
[WhiteFideId "4100107"]
[BlackFideId "4143256"]
[EventDate "2014.08.30"]

1. d4 Nf6 2. c4 e6 3. Nc3 Bb4 4. Qc2 O-O 5. Nf3 c5 6. dxc5 Na6 7. g3 Nxc5 8. Bg2
b6 9. O-O Bb7 10. Nb5 Nce4 11. a3 Be7 12. Ng5 Nc5 13. b4 Bxg2 14. Kxg2 a6 15.
Bb2 axb5 16. Bxf6 g6 17. Bxe7 Qxe7 18. h4 Na4 19. cxb5 Rfc8 20. Qd2 Nc3 21. Qd3
h6 22. Nf3 e5 23. Qe3 e4 24. Nd2 d5 25. Qxb6 Nxe2 26. Qe3 Nc3 27. b6 Rab8 28.
Nb3 Qf6 29. Rac1 Qxb6 30. Rxc3 1-0

[Event "St.Petersburg Rapid 2014"]
[Site "St Petersburg RUS"]
[Date "2014.08.31"]
[Round "10.12"]
[White "Lysyj, Igor"]
[Black "Klimov, Sergey"]
[Result "0-1"]
[WhiteTitle "GM"]
[BlackTitle "GM"]
[WhiteElo "2683"]
[BlackElo "2492"]
[WhiteFideId "4150120"]
[BlackFideId "4121759"]
[EventDate "2014.08.30"]

1. d4 Nf6 2. c4 g6 3. Nc3 d5 4. Bf4 Bg7 5. e3 c5 6. dxc5 Qa5 7. Rc1 Ne4 8. cxd5
Nxc3 9. Qd2 Qxa2 10. Rxc3 Qa1+ 11. Rc1 Qxb2 12. Qxb2 Bxb2 13. Rc2 Bg7 14. Bb5+
Kf8 15. f3 a6 16. Ba4 Nd7 17. Ne2 Ne5 18. Kd2 e6 19. d6 Bd7 20. Bxd7 Nxd7 21.
Rb1 Rb8 22. Rxb7 Rxb7 23. c6 Rb8 24. cxd7 f6 25. Nd4 Kf7 26. d8=Q Rhxd8 27. Rc7+
Kg8 28. Nxe6 Bf8 29. Nxd8 Rxd8 30. Rc6 a5 31. Kc3 Kf7 32. Kb3 g5 33. Bg3 h5 34.
h3 h4 35. Bh2 Ke6 36. Ka4 Kd5 37. Ra6 Bxd6 38. e4+ Kc5 39. Bg1+ Kc4 40. Rc6+ Kd3
41. Bb6 Rd7 42. Kxa5 Be5 43. Kb5 Ke2 44. Rc1 Rd1 45. Rc6 Rb1+ 46. Ka6 Rb2 47.
Rc1 Kd3 48. Rg1 Rd2 49. Bd8 Bd4 50. Rb1 Rxg2 51. Rb3+ Ke2 52. Kb5 Rg3 53. Kc4
Be5 54. Ra3 Rxf3 55. Ra2+ Kf1 0-1

[Event "St.Petersburg Rapid 2014"]
[Site "St Petersburg RUS"]
[Date "2014.08.31"]
[Round "11.1"]
[White "Rublevsky, Sergei"]
[Black "Morozevich, Alexander"]
[Result "1/2-1/2"]
[WhiteTitle "GM"]
[BlackTitle "GM"]
[WhiteElo "2698"]
[BlackElo "2731"]
[WhiteFideId "4115309"]
[BlackFideId "4116992"]
[EventDate "2014.08.30"]

1. e4 e5 2. Nf3 Nc6 3. d4 exd4 4. Nxd4 Nf6 5. Nc3 Bb4 6. Nxc6 bxc6 7. Bd3 O-O 8.
O-O d5 9. exd5 cxd5 10. h3 c6 11. Qf3 Bd6 12. Bf4 Qc7 13. Bxd6 Qxd6 14. Rfe1 Bd7
15. b3 1/2-1/2

[Event "St.Petersburg Rapid 2014"]
[Site "St Petersburg RUS"]
[Date "2014.08.31"]
[Round "11.4"]
[White "Vitiugov, Nikita"]
[Black "Zvjaginsev, Vadim"]
[Result "1/2-1/2"]
[WhiteTitle "GM"]
[BlackTitle "GM"]
[WhiteElo "2742"]
[BlackElo "2659"]
[WhiteFideId "4152956"]
[BlackFideId "4113403"]
[EventDate "2014.08.30"]

1. d4 Nf6 2. c4 e6 3. Nc3 d5 4. Bf4 c5 5. e3 cxd4 6. exd4 Bb4 7. Nf3 O-O 8. Bd3
dxc4 9. Bxc4 Nd5 10. Bd2 Nc6 11. a3 Be7 12. Be3 Qa5 13. Qc2 Ncb4 14. Qb3 b5 15.
Be2 Nxe3 16. fxe3 Nd5 17. Kf2 Nxc3 18. Qxc3 Qxc3 19. bxc3 Bd7 20. Ne5 Be8 21.
Rhb1 Rc8 22. Rb3 f6 23. Nf3 a6 24. a4 bxa4 25. Rb7 Bd8 26. c4 Rf7 27. Rb2 Ba5
28. Raa2 Bc3 29. Rb1 a5 30. c5 Bb4 31. Bc4 Re7 32. Ne1 Kf8 33. Nd3 Rb8 34. Rab2
Bg6 35. Ra2 Be8 36. Rab2 Bg6 37. Ra2 Be8 38. Rab2 1/2-1/2

[Event "St.Petersburg Rapid 2014"]
[Site "St Petersburg RUS"]
[Date "2014.08.31"]
[Round "11.5"]
[White "Moiseenko, Alexander"]
[Black "Rodshtein, Maxim"]
[Result "1-0"]
[WhiteTitle "GM"]
[BlackTitle "GM"]
[WhiteElo "2707"]
[BlackElo "2671"]
[WhiteFideId "14102560"]
[BlackFideId "2806851"]
[EventDate "2014.08.30"]

1. d4 Nf6 2. c4 g6 3. Nc3 d5 4. cxd5 Nxd5 5. Bd2 Bg7 6. e4 Nxc3 7. Bxc3 O-O 8.
Qd2 c5 9. d5 e6 10. Bc4 exd5 11. Bxd5 Bxc3 12. bxc3 Nd7 13. Nf3 Nf6 14. O-O Nxd5
15. exd5 Qd6 16. Rfe1 Bf5 17. c4 b6 18. Qh6 Qf6 19. Qf4 Kg7 20. Ne5 Rae8 21. Re3
Bc8 22. Qxf6+ Kxf6 23. Rae1 Kg7 24. Nc6 Rxe3 25. Rxe3 Bd7 26. Nxa7 Ra8 27. Ra3
Kf6 28. f3 Ke5 29. Kf2 f5 30. Ke3 g5 31. Kd2 h5 32. Kc3 Kf4 33. Kd2 h4 34. Ke2
g4 35. fxg4 fxg4 36. Nb5 Rxa3 37. Nxa3 g3 38. h3 Ke4 39. Nc2 b5 40. cxb5 Bxb5+
41. Kd2 Kxd5 42. Ne1 Bf1 43. Ke3 c4 44. Kf4 Kd4 45. Nf3+ Kd3 46. Ne5+ Kd2 47.
Nf3+ Ke2 48. Nxh4 Kf2 49. Nf5 c3 50. Ne3 Ke2 51. h4 Bxg2 52. h5 Be4 53. Kxe4 c2
54. Nxc2 1-0

[Event "St.Petersburg Rapid 2014"]
[Site "St Petersburg RUS"]
[Date "2014.08.31"]
[Round "11.6"]
[White "Alekseev, Evgeny"]
[Black "Dreev, Aleksey"]
[Result "1/2-1/2"]
[WhiteTitle "GM"]
[BlackTitle "GM"]
[WhiteElo "2675"]
[BlackElo "2662"]
[WhiteFideId "4138147"]
[BlackFideId "4100107"]
[EventDate "2014.08.30"]

1. e4 c6 2. d4 d5 3. e5 Bf5 4. c4 e6 5. Nc3 Ne7 6. Be3 dxc4 7. Bxc4 Nd7 8. Nf3
Nb6 9. Bd3 Nbd5 10. O-O Bxd3 11. Qxd3 Nf5 12. Rad1 Be7 13. Bc1 h5 14. Ne4 Qb6
15. a3 c5 16. dxc5 Bxc5 17. Nxc5 Qxc5 18. Ng5 Qc7 19. Rfe1 O-O-O 20. Qe4 Kb8 21.
h3 Rd7 22. Bd2 Rhd8 23. Nf3 Qb6 24. Qa4 Nde7 25. Ba5 Rxd1 26. Bxb6 Rxe1+ 27.
Nxe1 axb6 28. Nf3 Nc6 29. Qf4 Ncd4 30. Kh2 Nxf3+ 31. Qxf3 h4 32. Qb3 Kc7 33.
Qc3+ Kb8 34. g4 hxg3+ 35. fxg3 Rd5 36. Qb4 Ka7 37. g4 Nh4 38. Qa4+ Ra5 39. Qf4
g5 40. Qxf7 Rxe5 41. Kg1 Re3 42. Qd7 e5 43. Kf2 Rf3+ 44. Ke2 Rf4 45. Qd5 Ng6 46.
Qe6 Re4+ 47. Kd1 Nf4 48. Qf5 Rd4+ 49. Kc2 e4 50. Qe5 Rc4+ 51. Kb3 Nd3 52. Qxg5
Rc5 53. Qe3 Nc1+ 54. Kb4 Nd3+ 55. Kb3 Nc1+ 56. Kb4 Nd3+ 57. Kb3 Nc1+ 1/2-1/2

[Event "St.Petersburg Rapid 2014"]
[Site "St Petersburg RUS"]
[Date "2014.08.31"]
[Round "11.7"]
[White "Timofeev, Artyom"]
[Black "Bocharov, Ivan"]
[Result "1/2-1/2"]
[WhiteTitle "GM"]
[BlackTitle "FM"]
[WhiteElo "2601"]
[BlackElo "2467"]
[WhiteFideId "4140419"]
[BlackFideId "4180887"]
[EventDate "2014.08.30"]

1. c4 f5 2. Nc3 Nf6 3. g3 d6 4. Bg2 e5 5. d3 Nc6 6. e3 g5 7. h4 g4 8. Nge2 Bg7
9. e4 O-O 10. Be3 Nh5 11. Qd2 Nd4 12. exf5 c6 13. Bg5 Qe8 14. f6 Nxf6 15. Nxd4
exd4+ 16. Ne2 Bf5 17. O-O Nh5 18. f3 Qd7 19. Kh2 gxf3 20. Bxf3 Bg4 21. Be4 Rae8
22. Rxf8+ Rxf8 23. Nf4 Nf6 24. Bg2 Bf5 25. Bxf6 Bxf6 26. Rf1 Be5 27. Qe2 Qg7 28.
Bh3 Kh8 29. Nh5 Bxh3 30. Kxh3 Qd7+ 31. g4 Re8 32. Qf3 Kg8 33. Kg2 Bg7 34. Qf4
Qe7 35. Rf2 Rf8 36. Qg3 Rxf2+ 37. Qxf2 Qe6 38. Qf3 Qe1 39. Qe4 Qxe4+ 40. dxe4
Be5 41. b3 c5 42. Kf3 Kf7 43. Nf4 Bxf4 44. Kxf4 h6 45. Kg3 Kf6 46. Kf4 1/2-1/2

[Event "St.Petersburg Rapid 2014"]
[Site "St Petersburg RUS"]
[Date "2014.08.31"]
[Round "11.8"]
[White "Klimov, Sergey"]
[Black "Khismatullin, Denis"]
[Result "1-0"]
[WhiteTitle "GM"]
[BlackTitle "GM"]
[WhiteElo "2492"]
[BlackElo "2681"]
[WhiteFideId "4121759"]
[BlackFideId "4142578"]
[EventDate "2014.08.30"]

1. e4 c5 2. Nf3 d6 3. d4 cxd4 4. Nxd4 Nf6 5. Nc3 a6 6. Be3 Nbd7 7. g4 h6 8. f3
e6 9. h4 b5 10. Rg1 g6 11. g5 hxg5 12. hxg5 Nh5 13. Qd2 Bb7 14. O-O-O b4 15.
Nce2 Rb8 16. Kb1 e5 17. Nb3 a5 18. Bh3 Qc7 19. Bxd7+ Qxd7 20. Nxa5 Ba6 21. Nc1
Be7 22. Qd5 Bb5 23. Nc4 Rd8 24. Nxe5 1-0

[Event "St.Petersburg Rapid 2014"]
[Site "St Petersburg RUS"]
[Date "2014.08.31"]
[Round "11.9"]
[White "Khalifman, Alexander"]
[Black "Matinian, Nikita"]
[Result "1/2-1/2"]
[WhiteTitle "GM"]
[BlackTitle "IM"]
[WhiteElo "2621"]
[BlackElo "2469"]
[WhiteFideId "4100115"]
[BlackFideId "24129100"]
[EventDate "2014.08.30"]

1. d4 Nf6 2. c4 g6 3. Nf3 Bg7 4. g3 O-O 5. Bg2 d6 6. O-O Nc6 7. Nc3 a6 8. Bf4
Bd7 9. Qd2 Rb8 10. Rac1 b5 11. Nd5 e6 12. Nxf6+ Bxf6 13. Rfd1 bxc4 14. Rxc4 Ne7
15. Rdc1 Rc8 16. e4 Bb5 17. R4c2 c5 18. Bxd6 Qxd6 19. e5 Bxe5 20. dxe5 Qxd2 21.
Nxd2 Nf5 22. Nf3 Rfd8 23. Bf1 Rb8 24. b3 Nd4 25. Rc3 Rd5 26. Bxb5 axb5 27. Nxd4
cxd4 28. Rc5 Rxc5 29. Rxc5 d3 30. Kf1 Ra8 31. Rxb5 Rxa2 32. Rb8+ Kg7 33. Rd8 d2
34. Ke2 Rb2 35. Rxd2 Rxb3 36. Rd3 1/2-1/2

[Event "St.Petersburg Rapid 2014"]
[Site "St Petersburg RUS"]
[Date "2014.08.31"]
[Round "11.10"]
[White "Khusenkhojaev, Muhammad"]
[Black "Aleksandrov, Aleksej"]
[Result "1/2-1/2"]
[WhiteTitle "IM"]
[BlackTitle "GM"]
[WhiteElo "2410"]
[BlackElo "2595"]
[WhiteFideId "14700247"]
[BlackFideId "13500139"]
[EventDate "2014.08.30"]

1. Nf3 Nf6 2. c4 e6 3. Nc3 d5 4. d4 Bb4 5. cxd5 exd5 6. Bg5 h6 7. Bxf6 Qxf6 8.
Qb3 c5 9. e3 O-O 10. dxc5 Bxc3+ 11. Qxc3 Qxc3+ 12. bxc3 Be6 13. Nd4 Rc8 14. Rb1
Nd7 15. c6 bxc6 16. Ba6 Rc7 17. Kd2 Nc5 18. Bd3 Bd7 19. Bc2 Ne4+ 20. Bxe4 dxe4
21. c4 c5 22. Ne2 Rd8 23. Kc3 Ba4 24. Nf4 Rcd7 25. Nd5 f5 26. Rb2 Kf7 27. Rhb1
Bc6 28. Rb8 g5 29. R1b3 Bxd5 30. cxd5 Rxb8 31. Rxb8 Rxd5 32. Rb7+ Ke6 33. Rxa7
Rd3+ 34. Kc2 f4 35. exf4 gxf4 36. Ra6+ Ke5 37. Rxh6 f3 38. g4 Ra3 39. Kb2 e3 40.
fxe3 Rxe3 41. g5 Kf5 42. h4 Re6 43. Rh8 Kg4 44. Rf8 Kxh4 45. Rxf3 Kxg5 46. Kc3
Ra6 47. Rf2 Ra4 48. Kb3 Rb4+ 49. Kc3 1/2-1/2

[Event "St.Petersburg Rapid 2014"]
[Site "St Petersburg RUS"]
[Date "2014.08.31"]
[Round "11.11"]
[White "Karasev, Vladimir I"]
[Black "Lintchevski, Daniil"]
[Result "0-1"]
[WhiteTitle "IM"]
[BlackTitle "GM"]
[WhiteElo "2377"]
[BlackElo "2555"]
[WhiteFideId "4103971"]
[BlackFideId "4171055"]
[EventDate "2014.08.30"]

1. Nf3 d5 2. g3 Bg4 3. Bg2 Nd7 4. h3 Bxf3 5. Bxf3 c6 6. d3 Ngf6 7. O-O e5 8. e4
dxe4 9. dxe4 Bc5 10. Qe2 O-O 11. Bg2 Qe7 12. a4 a5 13. Nd2 Rfd8 14. Nc4 Nb6 15.
c3 Qe6 16. Nxb6 Bxb6 17. Bg5 Rd6 18. Rad1 Rad8 19. Rxd6 Qxd6 20. Bf3 h6 21. Bxf6
Qxf6 22. Rd1 g6 23. Kg2 h5 24. h4 Rd6 25. Qc2 Qd8 26. Be2 Rxd1 27. Qxd1 Qf6 28.
f3 Qe7 29. Bc4 Qc5 30. b3 Ba7 31. Kh3 b5 32. axb5 cxb5 33. Bf1 Qxc3 34. Bxb5 Bd4
35. Bd3 Kg7 36. Kg2 Bc5 37. Kh3 Qd4 38. Be2 Qf2 39. Qf1 Qe3 40. Bc4 Bd4 41. Kg2
Qd2+ 42. Qe2 Qc1 43. Qf1 Qa3 44. Qe2 Qb4 45. f4 exf4 46. gxf4 Qe7 47. Kh3 Qf6
48. Qd2 Bc3 49. Qf2 Bb4 50. Kg3 Be7 51. Kh3 a4 52. Bxf7 Kxf7 53. bxa4 Qa1 54. f5
Qh1+ 55. Qh2 Qxe4 56. fxg6+ Kg7 57. Qf2 Bf6 58. a5 Qg4+ 59. Kh2 Be5+ 60. Kh1 Bf4
61. Qd4+ Kxg6 62. Qe4+ Kf6 63. Qd4+ Be5 64. Qxg4 hxg4 65. a6 Bb8 66. Kg2 Kg6 67.
Kf2 Kh5 68. Ke3 Kxh4 69. Ke4 g3 70. Kd5 Ba7 0-1

[Event "St.Petersburg Rapid 2014"]
[Site "St Petersburg RUS"]
[Date "2014.08.31"]
[Round "11.12"]
[White "Chigaev, Maksim"]
[Black "Usmanov, Vasily"]
[Result "1/2-1/2"]
[WhiteTitle "IM"]
[WhiteElo "2483"]
[BlackElo "2431"]
[WhiteFideId "4108116"]
[BlackFideId "4135741"]
[EventDate "2014.08.30"]

1. e4 c5 2. Nf3 d6 3. c3 Nc6 4. h3 Nf6 5. Bd3 e6 6. O-O Be7 7. Re1 O-O 8. Bc2
Re8 9. d4 d5 10. exd5 Qxd5 11. dxc5 Qxd1 12. Rxd1 Bxc5 13. Nbd2 Rd8 14. Re1 b6
15. Ne4 Nxe4 16. Bxe4 Bb7 17. Bf4 Bd6 18. Be3 Rd7 19. Rad1 Rad8 20. Rd2 Bb8 21.
Red1 Rxd2 22. Rxd2 Rxd2 23. Bxd2 f5 24. Bc2 h6 25. c4 Ne5 26. Nxe5 Bxe5 27. b4
Bd4 1/2-1/2